| 000 | 00981 a2200229 4500 | ||
|---|---|---|---|
| 005 | 20251104110600.0 | ||
| 008 | 251104b |||||||| |||| 00| 0 eng d | ||
| 020 | _a9788119349791 (hbk) | ||
| 037 | _cTB | ||
| 040 |
_aCRL _cCRL |
||
| 041 | _2pun | ||
| 084 |
_aO153,2NDH:g R4 _qCRL |
||
| 100 |
_aਕੌਰ, ਗਗਨਦੀਪ / Kaur, Gagandeep _9847609 |
||
| 245 | _aਕੇਵਲ ਧਾਲੀਵਾਲ ਦੇ ਨਾਟ-ਰੂਪਾਂਤਰਾਂ ਦਾ ਨਿਕਟ-ਅਧੀਐਨ / Kewal Dhaliwal de Naat-Rupantran d Nikat- Adhyan | ||
| 260 |
_aਦਿੱਲੀ, ਭਾਰਤ: _bਸ਼ਿਲਾਲੇਖ / Shilalekh, _c2024. |
||
| 300 | _a151ਪ. | ||
| 365 |
_bINR 350.00 _cINR |
||
| 650 |
_aਪੰਜਾਬੀ ਸਾਹਿਤ _9850043 |
||
| 650 |
_aਪੰਜਾਬੀ ਨਾਟਕ _9850044 |
||
| 942 |
_cTB _2CC _n0 _hO153,2NDH:g R4 |
||
| 999 |
_c1464595 _d1464595 |
||